| 000 | 00904nam a2200277 i 4500 | ||
|---|---|---|---|
| 003 | CO-BoRNBP | ||
| 005 | 20250121113731.0 | ||
| 007 | ta | ||
| 008 | 250121s2018 Uy a|||| |||| 00| 0 spa d | ||
| 020 | _a9789974728820 | ||
| 040 |
_aCO-BoRNBP _bspa _cCO-BoRNBP _erda |
||
| 041 | _aspa | ||
| 084 | _aC CUE | ||
| 245 |
_aLeo y los números/ _cEquipo Editorial Latinbooks |
||
| 250 | _aPrimera edición | ||
| 264 | 4 |
_aMontevideo, Uruguay, _b©Latinbooks International S.A. _c2018 |
|
| 300 |
_a10 páginas, _bilustraciones a color, páginas de goma eva, _calto 12 cm ancho 12 cm |
||
| 336 |
_2rdacontent _atexto _btxt |
||
| 337 |
_2rdamedia _asin mediación _bn |
||
| 338 |
_2rdacarrier _avolumen _bnc |
||
| 490 | _aAnimalitos para abrazar | ||
| 650 |
_2LEMB _aLiteratura infantil _92746 |
||
| 650 |
_2LEMB _aCuento infantil _916411 |
||
| 650 |
_2LEMB _aNúmeros _vLeo _xPájaritos _957597 |
||
| 942 |
_2ddc _cBKINF |
||
| 999 |
_c56795 _d56795 |
||